000 00732nam a2200181Ia 4500
008 100921s9999 xx 000 0 und d
082 _b10075
_a294.563 थ 63
100 _aघाटे बळवंत गिरीराव,संपा.
245 _aश्रीएकनाथदर्शन खंड 2.
260 _bएकनाथ संशोधन मंदिर,औरंगाबाद.
_c1963
300 _a268
_b---
365 _b6
520 _aधर्म-संत संहित्य.
630 _aश्रीएकनाथदर्शन खंड 2.
650 _aधर्म-संत संहित्य.
730 _aश्रीएकनाथदर्शन खंड 2.
942 _cBOOK
999 _c759188
_d759185